Normal view
MARC view
Entry Personal Name
001 - CONTROL NUMBER
- control field: 35336
003 - CONTROL NUMBER IDENTIFIER
- control field: ARRUPE
005 - DATE AND TIME OF LATEST TRANSACTION
- control field: 20170829111615.0
008 - FIXED-LENGTH DATA ELEMENTS
- fixed length control field: 170829|| aca||aabn | a|a d
040 ## - CATALOGING SOURCE
- Original cataloging agency: ARRUPE
- Transcribing agency: ARRUPE
100 ## - HEADING--PERSONAL NAME
- Personal name: Light, O. Ray
670 ## - SOURCE DATA FOUND
- Source citation: Work cat.: (ARRUPE): Light, O. Ray, Victory to the Palestinian revolution, 1983